000 00494nam a2200193Ia 4500
003 OSt
005 20250203095523.0
008 210210b1976 xxu||||| |||| 00| 0 eng d
040 _cAL
041 _aKannada
082 _aK894.3 RUTJ
100 _aRUTURAJA
_d ಋತುರಾಜ
_9197066
245 _aJitanjali
_b ಜಿತಂಜಲಿ
260 _aBelagavi
_bKannadatayi Prakashana
_c1976
300 _a100,vi
690 _aKannada Fiction
_9197067
906 _a033912
942 _2ddc
_cBK
999 _c84963
_d84963